| 000 | 01078nam0a2200289 4500 | ||
|---|---|---|---|
| 001 | RU\NLR\bibl\1217982 | ||
| 005 | 20260406123056.0 | ||
| 010 |
_a978-5-699-25975-5 _911000 |
||
| 021 |
_aRU _b2008-16799 _9917 |
||
| 035 | _a(NLR Aleph) 001204357 | ||
| 090 |
_a37567 _c37567 |
||
| 100 | _a20080422d2008 |||y0rusy50 ca | ||
| 101 | 1 |
_arus _ceng |
|
| 102 | _aRU | ||
| 105 | _ay ||||||||| | ||
| 200 | 1 |
_aНоздря в ноздрю _e[детективный роман] _fДик Фрэнсис, Феликс Фрэнсис _g[пер. с англ. В. Вебера] |
|
| 210 |
_aМосква _cЭксмо _d2008 |
||
| 215 |
_a346, [1] с. _d21 |
||
| 225 | 1 | _aФаворит | |
| 225 | 1 | _aЛучшие бестселлеры грандмастера детектива | |
| 700 | 1 |
_4070 _8rus _7ca _aФренсис _bД. _f1920-2010 _gДик _3RU\NLR\auth\77821 _9110861 |
|
| 701 | 1 |
_4070 _8rus _7ca _aФренсис _bФ. _f1953- _gФеликс _3RU\NLR\auth\77101685 _984611 |
|
| 801 | 0 |
_aRU _bNLR _c20080422 _gRCR |
|
| 801 | 1 |
_aRU _bNLR _c20080422 |
|
| 942 | _cBOOK | ||
| 980 | _aNB | ||